000 00372nam a2200145Ia 4500
008 191201s2011 xx 000 0 und d
082 _a658.15
_bMAM
100 _aMATTA, Satish Kumar
245 0 _aManagement of Financial Institutions and Services
250 _a2nd
260 _aN. Delhi
_bVrinda Publications
_c2011
300 _a487
650 _aMBA
942 _2ddc
_cBK
999 _c5381
_d5381